| 000 | 00822nam a2200217Ii 4500 | ||
|---|---|---|---|
| 003 | JO-AjNU | ||
| 008 | 230605s9999||||xx |||||||||||||| ||und|| | ||
| 017 | _a2006/4/734 | ||
| 040 |
_aJO-AjNU _bara _erda _cJO-AjNU |
||
| 041 | _aara | ||
| 050 | 1 | 4 | _aLB1043.J3238 2006 |
| 100 | 3 |
_aالجبالي،حمزة, _eauthor _922558 |
|
| 245 | 0 | 0 | _aالوسائل التعليمية |
| 250 | _aط1 | ||
| 264 | 3 | 1 | _aعمان:دار أسامة،2006/عمان:دار المشرق،2006 |
| 300 | _a184ص | ||
| 336 |
_atext _btxt _2rdacontent |
||
| 337 |
_aunmediated _bn _2rdamedia |
||
| 338 |
_avolume _bnc _2rdacarrier |
||
| 650 | 4 |
_aالوسائل التعليمية. تكنولوجيا التعليم. طرق التعلم. البرامج الإذاعية-تعليم. البرامج التليفزيونية-تعليم. _922559 |
|
| 999 |
_aA8027 _c11595 _d11595 |
||